00000000nam##2200000za#4500
0019.665835
003CaOODSP
00520210615122446
007ta
008150407|2005||||xxc|||||     f|0| 0 eng|d
020 |a0-662-68407-9
040 |aCaOODSP|beng
041 |aeng
041 |afre
043 |an-cn---
0861 |aCD4-17/2004
1101 |aCanada.|bCanadian International Development Agency.
24510|aCIDA's country development programming framework for Indonesia, 2005-2009
260 |aOttawa - Ontario : |bCanadian International Development Agency |c2005.
300 |aEnglish text, 20, [1]p. : |billus., tables ; |c28 cm.
5203 |aThis report outlines CIDA’s bilateral development program and reconstruction strategy for Indonesia. It summarizes Canadian projects in Sulawesi, Aceh, and Northern Sumatra for improving local governance; developing small- and medium-sized enterprises; and restoring the natural resource base to reestablish livelihoods that were lost due to the 2004 tsunami—while integrating gender equality into all initiatives. Includes maps, photos, descriptions, and short histories of Aceh and Sulawesi.
563 |aSoftcover
590 |a06-22|b2006-06-02
69007|aDeveloping countries|2gcpds
69007|aInternational development|2gcpds
7760#|tLe cadre de programmation-pays de l'ACDI pour l'Indonésie, 2005-2009 |w(CaOODSP)9.631589
7760#|tCIDA's country development programming framework for Indonesia, 2005-2009 |w(CaOODSP)9.687128
792 |tCadre de programmation-pays de l'ACDI pour l'Indonésie, 2005-2009 |efre|w(CaOODSP)9.665836